000 00760nas a2200253 4500
001 BR7908766
003 BR-BrBNA
005 20231205084046.0
007 ta
008 230509b bl.|||p| |||| 00| 00por d
040 _aBR-BrBNA
_bpor
_cBiblioteca Nacional de Agricultura
041 _a(Pt)
072 _aS20
100 1 _aFerreira, C.L. de L.F.
245 1 _aValor terapeutico do iogurte e leite acidofilo
650 _aIOGURTE
650 _aLEITE FERMENTADO
650 _aMETABOLISMO
650 _aBACTERIA
650 _aANTIBIOTICO
773 0 _tRevista do Instituto de Laticinios Candido Tostes (Brazil)
_xISSN 0100-3674
_g(Mar-Apr 1979), v. 34(202) p. 25-27, 44
_wBR7908766
909 _a202311
_bLúcia
_c55
_dLúcia Elande
942 _2AGRIS
_n0
_cANA
999 _c102866
_d102866